El aprendizaje escolar (Registro nro. 7063)

Detalles MARC
000 -LEADER
fixed length control field 00905 a2200229 4500
001 - CONTROL NUMBER
control field 60605
005 - DATE AND TIME OF LATEST TRANSACTION
control field 20260407155857.0
008 - FIXED-LENGTH DATA ELEMENTS--GENERAL INFORMATION
fixed length control field 260407a1996 arg spa d
003 - CONTROL NUMBER IDENTIFIER
control field AR-UNSa-BCEJYS
040 ## - CATALOGING SOURCE
Original cataloging agency AR-UNSa-BCEJYS
Language of cataloging spa
Transcribing agency AR-UNSa-BCEJYS
080 ## - UNIVERSAL DECIMAL CLASSIFICATION NUMBER
Universal Decimal Classification number 371.3
Common auxiliary subdivision Métodos de enseñanza. Procedimientos de enseñanza
020 ## - INTERNATIONAL STANDARD BOOK NUMBER
International Standard Book Number 978-84-7112-396-1
041 ## - LANGUAGE CODE
Language code of text/sound track or separate title spa
100 1# - MAIN ENTRY--PERSONAL NAME
Personal name Farnham-Diggory, Sylvia
245 10 - TITLE STATEMENT
Title El aprendizaje escolar
264 #1 - PRODUCTION, PUBLICATION, DISTRIBUTION, MANUFACTURE, AND COPYRIGHT NOTICE
Place of production, publication, distribution, manufacture Madrid :
Name of producer, publisher, distributor, manufacturer Ediciones Morata
Date of production, publication, distribution, manufacture, or copyright notice 1996
300 ## - PHYSICAL DESCRIPTION
Extent 253 p.
Dimensions 19 cm.
505 ## - FORMATTED CONTENTS NOTE
Formatted contents note 1. De dónde proceden nuestras escuelas - 2. La aparición de la ciencia cognitiva - 3. Cómo deberían ser nuestras escuelas - 4. Transmisión de la cultura - 5. Ciencia y tecnología - 6. Destrezas básicas - 7. Sacar el mejor partido - 8. Perfeccionar las cosas.
590 ## - LOCAL NOTE (RLIN)
Local note niveau_biblio:m niveau_hierar:0
700 1# - ADDED ENTRY--PERSONAL NAME
Personal name Solana, Guillermo
942 ## - ADDED ENTRY ELEMENTS (KOHA)
Koha item type
Existencias
Withdrawn status Lost status Damaged status Not for loan Home library Current library Shelving location Date acquired Total checkouts Full call number Barcode Date last seen Price effective from Koha item type Public note
        Biblioteca Prof. Eusebio Cleto del Rey Biblioteca Prof. Eusebio Cleto del Rey   07/04/2026   371.3 F236 L129254 07/04/2026 07/04/2026 Libro MANCHA EN CANTO LATERAL